| 000 | 00000nas 2200000za 4500 |
| 001 | 9.500097 |
| 003 | CaOODSP |
| 005 | 20231101144317 |
| 007 | cr ||||||||||| |
| 008 | 150406d20002008xxc|| p o||||f| |0eng|d |
| 022 | |a1496-0583 |
| 040 | |aCaOODSP|beng |
| 041 | |aeng |
| 041 | |afre |
| 043 | |an-cn--- |
| 086 | 1 |aCS72-002-PDF |
| 245 | 00|aEmployment, earnings and hours. |
| 264 | 1|aOttawa, Ontario : |bStatistics Canada |
| 310 | |aMonthly |
| 362 | 1 |aBegan with Vol. 78, No. 7, July, 2000; ceased with Vol. 86, No. 12, December 2008. |
| 520 | 3 |aPresents a timely picture of employment, earnings and hours which is vital to Canada's businesses and governments for planning and decision-making purposes. The tabulations focus on monthly labour market information and historical data series. The major economic variables for over 280 industries are provided at the national and provincial/territorial level. Also includes a succinct monthly highlights section, and notes on the concepts and methodology of the survey. |
| 690 | 07|aEmployment|2gcpds |
| 690 | 07|aSalaries|2gcpds |
| 690 | 07|aWorking conditions|2gcpds |
| 710 | 2 |aStatistics Canada. |
| 785 | 00|tEmployment, earnings and hours / |w(CaOODSP)9.505660 |
| 792 | |tEmploi, gains et durée du travail |efre|w(CaOODSP)9.500098 |